|
|
|
|
| LEADER |
01032nam a2200289 a 4500 |
| 001 |
3985227 |
| 008 |
091209s1987 nyua b 000 0 eng d |
| 010 |
|
|
|a 78067086
|
| 020 |
|
|
|a 0195205626 (clothbound)
|
| 020 |
|
|
|a 0195205634 (paperback)
|
| 040 |
|
|
|a VVX
|c VVX
|d OCL
|d NNC-M
|d BD-DhAAL
|
| 082 |
0 |
0 |
|a 338.9
|2 19
|
| 245 |
0 |
0 |
|a World development report 1987
|
| 260 |
|
|
|a New York :
|b published for the World Bank, Oxford University Press,
|c c1987.
|
| 300 |
|
|
|a xii, 285 p. :
|b ill. (some col.) ;
|c 27 cm.
|
| 500 |
|
|
|a "First printing June 1987."
|
| 504 |
|
|
|a Bibliography: p. 284-285.
|
| 541 |
1 |
|
|e 00015664
|
| 650 |
|
0 |
|a Economic development.
|
| 650 |
|
2 |
|a Social Conditions.
|
| 650 |
|
2 |
|a Population Dynamics.
|
| 651 |
|
0 |
|a Developing countries.
|
| 651 |
|
2 |
|a Developing Countries.
|
| 710 |
2 |
|
|a World Bank
|
| 852 |
4 |
|
|a Ayesha Abed Library
|j General shelf
|
| 999 |
|
|
|c 6143
|d 6143
|
| 952 |
|
|
|0 0
|1 0
|2 ddc
|4 0
|6 338_900000000000000_WOR_1987
|7 0
|9 7609
|a BRACUL
|b BRACUL
|c GEN
|d 2010-01-31
|l 0
|o 338.9 WOR
|p 3010015664
|r 2010-01-31
|t 1
|w 2010-01-31
|y BK
|